Statystyki dla Quiz o Argentynie

Kliknij tutaj aby rozwiązać quiz!

Ogólne statystyki

  • Ten quiz został rozwiązany 114 razy
  • Średni wynik to 10 z 22

Statystyki odpowiedzi

WskazówkaOdpowiedź% Poprawnych
StolicaBuenos Aires
96%
Oficalnu językHiszpański
95%
Papież urodzony w ArgentynieFranciszek
84%
Taniec, który powstał w ArgentynieTango
84%
Sześciokrotny zwycięzca Ballon d'Or jako
najlepszy piłkarz na świecie
Lionel Messi
74%
Państwo, z którym Argentyna
stoczyła wojnę w 1982 r
Wielka Brytania
69%
Piłkarz, który strzelił
"Gol Stulecia"
Diego Maradona
68%
Wyspy, o które walczyliFalklandy Malwiny
68%
WalutaPeso
67%
Ujście między Argentyną a UrugwajemRío de la
{Plata}
45%
Słabo zaludniony region na
południu Argentyny dzielony z Chile
Patagonia
42%
Najwyższa góraAconcagua
34%
Pierwiastek chemiczny, od którego pochodzi ArgentynaSrebro
33%
Marksistowski rewolucjonista urodzony w ArgentynieChe Guevara
24%
Najsłynniejsza żona prezydenta PeronaEva
24%
Termin dla argentyńskiego kowbojaGaucho
19%
Grupa wysp na południuTierra del
{Fuego}
19%
Żyzne użytki zielone na północyThe {Pampas}
13%
Góry, w których znajduje się powyższa
góra
Andy
5%
Argentyński styl grillaAsado
4%
Liczba ekonomiczna, która osiągnęła
12 000% w 1989 r
Inflancja
3%
Wodospady na granicy brazylijsko-argentyńskiejWodospady Igazu
2%

Rozkład punktacji

Percentyl według liczby udzielonych odpowiedzi

Procent ludzi z każdym wynikiem

Twoja historia wyników

Nie rozwiązałeś tego quizu